Acteurs dans des films Marvel - Mort Subite - Statistiques

Statistiques générales
  • Ce quiz a été pris 1 141 fois
  • Le résultat moyen est 9 sur 15
Answers on the Grid
Answers color-coded by a green-red scale on the quiz's grid according to % correct below.
Samuel L. Jackson
Chris Pratt
Chris Evans
Chris Hemsworth
Tom Hiddleston
Pedro Pascal
Robert Downey Jr.
Gwyneth Paltrow
Scarlet Johansson
Hugh Jackman
Tom Hardy
Jeremy Renner
Mark Ruffalo
Harrison Ford
Anthony Mackie
Bruce Willis
Dwayne Johnson
Morgan Freeman
Will Smith
Tom Cruise
Johnny Depp
Tom Hanks
Carrie Fisher
Emma Watson
Julia Roberts
Margot Robbie
Sharon Stone
Emily Blunt
Leonardo DiCaprio
Patrick Sébastien
 
Statistiques - réponses
Réponse % Correct
Robert Downey Jr.
78%
Chris Hemsworth
76%
Chris Evans
75%
Scarlet Johansson
75%
Chris Pratt
70%
Mark Ruffalo
70%
Samuel L. Jackson
69%
Tom Hiddleston
67%
Hugh Jackman
64%
Jeremy Renner
61%
Anthony Mackie
56%
Gwyneth Paltrow
54%
Tom Hardy
53%
Pedro Pascal
48%
Harrison Ford
33%
Aucun quiz correspondant
Distribution des résultats
% des personnes avec chaque résultat
Percentile par nombre de réponses
Votre historique - résultats
Vous n’avez pas pris ce quiz